Patrimonio cultural de interés religioso (católico) y nuevos usos (Registro nro. 172128)
[ vista simple ]
| 000 -LEADER | |
|---|---|
| fixed length control field | 02869nam a22002657a 4500 |
| 007 - PHYSICAL DESCRIPTION FIXED FIELD--GENERAL INFORMATION | |
| fixed length control field | cr|||| |||| |
| 008 - FIXED-LENGTH DATA ELEMENTS--GENERAL INFORMATION | |
| fixed length control field | 220913s2021 ea |||||s|||| 00||0 spa d |
| 020 ## - INTERNATIONAL STANDARD BOOK NUMBER | |
| International Standard Book Number | 978-84-1122-255-6 |
| 035 ## - | |
| -- | 37078 |
| 040 ## - CATALOGING SOURCE | |
| Original cataloging agency | vLex |
| 090 ## - | |
| -- | 13892 |
| -- | 13892 |
| 100 1# - MAIN ENTRY--PERSONAL NAME | |
| Personal name | Martí Sánchez, José María |
| 245 10 - TITLE STATEMENT | |
| Title | Patrimonio cultural de interés religioso (católico) y nuevos usos |
| Medium | [Recurso electrónico] : |
| Remainder of title | Comparación del derecho español, italiano y francés / |
| Statement of responsibility, etc | José María Martí Sánchez |
| 256 ## - | |
| -- | Servicio en línea |
| 260 ## - PUBLICATION, DISTRIBUTION, ETC. (IMPRINT) | |
| Place of publication, distribution, etc | Madrid: |
| Name of publisher, distributor, etc | Dykinson, |
| Date of publication, distribution, etc | 2021 |
| 300 ## - PHYSICAL DESCRIPTION | |
| Extent | 1 recurso electrónico |
| 500 ## - GENERAL NOTE | |
| General note | El estudio se enmarca en el Proyecto Claustrat (El patrimonio material e inmaterial de los conventos de Toledo y su Diócesis) a cargo de un equipo interdisciplinar (historiadores, especialistas en arte, arquitectos, juristas, economistas, etc.), reflejo de la densa materia tratada. El patrimonio o bienes culturales de un país constituyen el soporte material de tantos otros principios de su convivencia civilizada. En este acervo se singulariza la aportación de la vida consagrada y las manifestaciones de fe del pueblo. En el Cristianismo, la construcción religiosa tiene su funcionalidad, su simbolismo y vocación propia, pues entre sus muros se desarrolla un estilo de vida orientada a la esperanza que lo alimenta. Cuando hablamos de iglesia, o de oratorio de casa religiosa (edificios sagrados por antonomasia), nos referimos sobre todo a la riqueza histórico-artística y fuerza evocadora que transmiten. El Derecho, en cometido conjunto de la comunidad civil y de fe, ampara la dimensión espiritual que allí alienta y tutela su legado. ¿Pero qué ocurre cuando la funcionalidad y sostenibilidad del patrimonio se tambalea? ¿Cómo las normas eclesiásticas y los Poderes públicos pueden dirigir el proceso de readaptación, sin merma de personas, principios y cosas? Contemplar la experiencia jurídica, ante el deterioro de la vida religiosa y el abandono de los templos católicos, en países como Italia y Francia, nos ayuda a tomar conciencia del problema en España. Esta monografía quiere explicar el Derecho aplicable al recinto sacro en busca de nuevos usos, en defensa de su interés religioso y cultural, pero también buscar soluciones o, como hoy se prefiere, perfilar las mejores prácticas. |
| 506 1# - RESTRICTIONS ON ACCESS NOTE | |
| Terms governing access | Disponible solo en los productos indicados |
| Authorized users | vLex Global |
| -- | vLex Global (Academic Edition, excluding Law Schools) |
| -- | vLex Global (U.S. Academic Edition, Law Schools) |
| -- | vLex Global (U.S. Academic Edition, excluding Law Schools) |
| -- | vLex Global (Academic Edition, Law Schools) |
| 650 04 - SUBJECT ADDED ENTRY--TOPICAL TERM | |
| Topical term or geographic name as entry element | Derecho Militar |
| Geographic subdivision | España |
| 650 04 - SUBJECT ADDED ENTRY--TOPICAL TERM | |
| Topical term or geographic name as entry element | Filosofía y religión |
| Geographic subdivision | España |
| 740 0# - | |
| -- | vLex Libros (Servicio en línea) |
| 856 40 - LOCALIZACIÓN Y ACCESO ELECTRÓNICO | |
| Identificador Uniforme del Recurso (URI/URL) | https://app.vlex.com/#/sources/37078 |
| 942 ## - | |
| -- | RAA |
| 999 ## - | |
| -- | 172128 |
| -- | 172128 |
No hay ítems disponibles.